Ďeťom do vienka. Či do vetra

Finančné zabezpečenie detí. Finančné produkty uzatvárané pre deti. Porovnanie a posúdenie životného poistenia, poistenia úrazu, sporenia v banke, stavebného sporenia, bankových knižiek, alebo rozhodnutie sa riadiť pri investovaní sebou.

Gespeichert in:
Bibliographische Detailangaben
1. Verfasser: Vavřinková, Jana
Weitere Verfasser: Záborský, Ján
Format: Buchkapitel
Sprache:Slowakisch
Schlagworte:
Tags: Tag hinzufügen
Keine Tags, Fügen Sie das erste Tag hinzu!

MARC

LEADER 00000naa$a2200000$$$4500
001 0056158
005 20231009073129.8
041 0 |a slo 
044 |a SK 
245 1 0 |a Ďeťom do vienka. Či do vetra  |c Jana Vavřinková, Ján Záborský 
520 |a Finančné zabezpečenie detí. Finančné produkty uzatvárané pre deti. Porovnanie a posúdenie životného poistenia, poistenia úrazu, sporenia v banke, stavebného sporenia, bankových knižiek, alebo rozhodnutie sa riadiť pri investovaní sebou. 
610 2 0 |a produkty 
610 2 0 |a financie 
610 2 0 |a poistenie 
610 2 0 |a sporenie stavebné 
610 2 0 |a sporenie obyvateľstva 
610 2 0 |a rozhodovanie 
610 2 0 |a deti 
100 1 |a Vavřinková, Jana 
700 1 |a Záborský, Ján